000 00402nam a2200169Ia 4500
008 230524s9999 xx 000 0 und d
082 _a621.38
_bARU
100 _aM.Arumugam
245 0 _aElectric Circuit Theory
250 _a5TH
260 _aNEW DELHI
_bKhanna
_c2003
300 _aVIII;431
500 _aQuantity Number: 2
650 _aElectrical
700 _a N.Premakumaran
942 _cBK
999 _c31513
_d31513